00773nam a22002057a 450000500170000001000130001702000270003003500130005703700210007008200110009110000250010224500530012726000390018027000580021930000250027750000500030294200250035299900170037795201730039420120727111120.0 aB-477231 a9788182902312c1975.00 aB-477231 adplbK.K.Pub/Ven a954.16 aQuraishi, S Y951095 aOld Delhi ;bLiving Traditions /cby SY Quraishi aHaryanabShubhi Publicationsc2010 a240, 2nd floor city centre bGurgaon, Haryanae122002 a129 p. c30 cm. (Hb) aIncludes bibliographical references and index 2ddccENmQURh954.16 c68753d68753 001040718REFaLbLd2012-08-14eK.K.Pub/1907/30.3.2012/SP/45/30.03.2012/30.03.2012g1975.00l0o954.16 QURpB-477231r2012-08-14 00:00:00t1v1975.00w2012-08-14yEN